| 000 | 00455nam a2200133Ia 4500 | ||
|---|---|---|---|
| 008 | 250506s9999 xx 000 0 und d | ||
| 024 | _a09B-032-CE, 09B-002-CE, 09B-011-CE & 09B-027-CE | ||
| 082 | _a697.072 SAR | ||
| 100 | _aBakht Sardar, Asad Inam, Sherzaman & Uzair Nawaz | ||
| 245 | 0 | _aWireless Based Energy Efficient HVAC System | |
| 260 |
_aKarachi: _bUIT, _c2009 |
||
| 600 | _aComputer System Engineering | ||
| 650 | _aBachelor of Engineering (BE) | ||
| 999 |
_c27771 _d27771 |
||